Financial Ratios (Record no. 4415)

MARC details
000 -LEADER
fixed length control field 00319nam a22001337a 4500
008 - FIXED-LENGTH DATA ELEMENTS--GENERAL INFORMATION
fixed length control field 250801b |||||||| |||| 00| 0 eng d
020 ## - INTERNATIONAL STANDARD BOOK NUMBER
ISBN 9780750684538
100 ## - MAIN ENTRY--AUTHOR
Author BULL Richard
245 ## - TITLE STATEMENT
Title Financial Ratios
260 ## - PUBLICATION, DISTRIBUTION, ETC. (IMPRINT)
Place of publication Oxford
Name of publisher CIMA Publishing
Date of publication 2008
300 ## - COLLATION
Pagination xi, 167p.
942 ## - ADDED ENTRY ELEMENTS (KOHA)
Item type Books
050 ## - LIBRARY OF CONGRESS CALL NUMBER
Classification number HE179.5
Item number .B85
Holdings
Source of classification or shelving scheme Not for loan Permanent location Current location Date acquired Accession No. Full call number Barcode. Koha item type
Library of Congress Classification   Samuel Ogbemudia Main Library, University of Abuja Samuel Ogbemudia Main Library, University of Abuja 08/01/2025 2010/40271 HE179.B85 2025-3194 Books